BUBT Library Online Catalog

Law of Evidence / (Record no. 6703)

000 -LEADER
fixed length control field 00662nam a2200229Ia 4500
003 - CONTROL NUMBER IDENTIFIER
control field BUBTL
008 - FIXED-LENGTH DATA ELEMENTS--GENERAL INFORMATION
fixed length control field 151213s9999 xx 000 0 und d
082 ## - DEWEY DECIMAL CLASSIFICATION NUMBER
Classification number 347.06/ M7444l/ 2020
100 ## - MAIN ENTRY--PERSONAL NAME
Personal name Monir, M.
9 (RLIN) 3879
245 ## - TITLE STATEMENT
Title Law of Evidence /
Statement of responsibility, etc. M. Monir, H.S. Ursekar
250 ## - EDITION STATEMENT
Edition statement 9th Edn.
260 ## - PUBLICATION, DISTRIBUTION, ETC. (IMPRINT)
Place of publication, distribution, etc. Allahabad:
Name of publisher, distributor, etc. Legal Classics From UBA
Date of publication, distribution, etc. c2002
300 ## - PHYSICAL DESCRIPTION
Extent xxii, 1102 p .:
Other physical details 20 cm.
500 ## - GENERAL NOTE
General note Includes Index.
505 ## - FORMATTED CONTENTS NOTE
Formatted contents note Law of Evidence, M. Monir, H.S. Ursekar, Law
650 ## - SUBJECT ADDED ENTRY--TOPICAL TERM
Topical term or geographic name as entry element Law
9 (RLIN) 3880
650 ## - SUBJECT ADDED ENTRY--TOPICAL TERM
Topical term or geographic name as entry element Law
9 (RLIN) 3880
700 ## - ADDED ENTRY--PERSONAL NAME
Personal name Ursekar, H.S
9 (RLIN) 4564
856 ## - ELECTRONIC LOCATION AND ACCESS
Password 0
Logon 0
Link text Download
942 ## - ADDED ENTRY ELEMENTS (KOHA)
Source of classification or shelving scheme
Koha item type Books
Holdings
Withdrawn status Lost status Source of classification or shelving scheme Damaged status Not for loan Collection code Permanent location Current location Shelving location Date acquired Source of acquisition Inventory number Total Checkouts Full call number Barcode Date last seen Copy number Price effective from Koha item type Checked out Date last checked out
        Not For Loan Non-fiction Bangladesh University of Business and Technology Library Bangladesh University of Business and Technology Library Law Stacks 03/21/2022 Purchase 28410   347.06/ M7444l/ 2020 BUBTL-200328410 05/11/2022 C-1 05/11/2022 Books    
          Non-fiction Bangladesh University of Business and Technology Library Bangladesh University of Business and Technology Library Law Stacks 03/21/2022 Purchase 28411 5 347.06/ M7444l/ 2020 BUBTL-200328411 07/14/2024 C-2 05/11/2022 Books 07/21/2024 07/14/2024
          Non-fiction Bangladesh University of Business and Technology Library Bangladesh University of Business and Technology Library Law Stacks 03/21/2022 Purchase 28412 2 347.06/ M7444l/ 2020 BUBTL-200328412 07/11/2024 C-3 05/11/2022 Books 07/18/2024 07/11/2024
          Non-fiction Bangladesh University of Business and Technology Library Bangladesh University of Business and Technology Library Law Stacks 03/21/2022 Purchase 28413 1 347.06/ M7444l/ 2020 BUBTL-200328413 07/15/2024 C-4 05/11/2022 Books 07/22/2024 07/15/2024
          Non-fiction Bangladesh University of Business and Technology Library Bangladesh University of Business and Technology Library Law Stacks 03/21/2022 Purchase 28414 4 347.06/ M7444l/ 2020 BUBTL-200328414 02/07/2024 C-5 05/11/2022 Books 02/17/2024 02/07/2024

More Information About Library

Library Hours

  • Open: 9.00 am. to 9.00 pm.
  • Only Sunday: 9.00 am. to 6.00 pm.
  • Closed: Holiday

Contact to the University

Bangladesh University of Business and Technology Library

  • Mirpurl-2, 1216.
  • Phone:
  • Fax:
  • E-Mail: admin.library@bubt.edu.bd

Contact to the Library

Contact Person:

Md. Abdul Hakim Shah
Joint Librarian
PABX No:  113
Cell No: 01816332931
E-mail: official: admin.library@bubt.edu.bd
Personal: hakim.shah@bubt.edu.bd


BUBT Library

Copyright © 2021